Syllabe "OR" - Mort Subite - Statistiques

Statistiques générales
  • Ce quiz a été pris 136 fois
    129 depuis la dernière actualisation
  • Le résultat moyen est 7 sur 24
Answers on the Grid
Answers color-coded by a green-red scale on the quiz's grid according to % correct below.
Signe astro du 9 mai
Point Cardinal
Pyongyang Séoul
Département 56
Pays ibère
Personne avide
Concept du jeu
Donne l'heure
Région insulaire française
Préfecture Gironde
Château célèbre du 41
Département 22
Pays de Nouakchott
Cigarettier prénommé Philip
Tourbillon d'air
Produit des glandes surrénales
Nommé Clooney
Région de la Terre du Milieu
Voix d'homme la plus aiguë
Coffre avec de la valeur
Symbole Au
Partie du cou
Fils d'Odin et de Jörð
Autre clémentine et mandarine
Synonyme de fondamental
Célèbre temple cambodgien
Cercle entourant la tête d'un ange
Créature Homme-Cheval
Diplôme en terminale
Ricard-Orge-Eau
Plus grand carnivore terrestre
Mot d'Adieu
Jeune voyou
Établissement Gastronomique
De Yaren
Abrégé Auvergne-Rhône-Alpes
 
Statistiques - réponses
Réponse % Correct
Nommé Clooney
55%
Symbole Au
50%
Point Cardinal
45%
Autre clémentine et mandarine
40%
Pays ibère
40%
Pyongyang Séoul
40%
Coffre avec de la valeur
35%
Donne l'heure
35%
Voix d'homme la plus aiguë
35%
Célèbre temple cambodgien
30%
Cigarettier prénommé Philip
30%
Préfecture Gironde
30%
Tourbillon d'air
30%
Région insulaire française
28%
Département 56
25%
Concept du jeu
23%
Département 22
23%
Fils d'Odin et de Jörð
23%
Synonyme de fondamental
23%
Partie du cou
18%
Région de la Terre du Milieu
18%
Château célèbre du 41
15%
Personne avide
10%
Produit des glandes surrénales
10%
Aucun quiz correspondant
Distribution des résultats
% des personnes avec chaque résultat
Percentile par nombre de réponses
Votre historique - résultats
Vous n’avez pas pris ce quiz depuis la dernière actualisation